| 000 | 00384nam a22001337a 4500 | ||
|---|---|---|---|
| 082 |
_a423 _bCON _cL-31, P-17 |
||
| 100 |
_aFowloer, H.W _946947 |
||
| 245 |
_aThe concise oxford dictionary of current english _cH.W, Fowloer |
||
| 260 |
_aLondon : _bOxford University Press _c1929 |
||
| 300 | _a1550 | ||
| 526 |
_a0 _b0 _c0 _d423_000000000000000_CON |
||
| 650 |
_aMCE _9379 |
||
| 942 |
_2ddc _cBK |
||
| 999 |
_c550247 _d550247 |
||